[Event "10.  Open C.A. Ciudad los Angeles"]
[Site "Madrid ESP"]
[Date "2016.04.03"]
[Round "1.1"]
[White "Afana, Adham Jj"]
[Black "Barragan Panal, Juan Jose"]
[Result "1-0"]
[WhiteElo "2104"]
[BlackElo "1676"]
[PlyCount "101"]
[EventDate "2016.04.03"]
[EventType "swiss"]
[EventRounds "9"]
[EventCountry "ESP"]
[Source "lmi"]
[SourceDate "2016.04.03"]

1. e4 c6 2. d4 d5 3. Nc3 dxe4 4. Nxe4 Bf5 5. Ng3 Bg6 6. Nf3 Nd7 7. h4 h6 8. h5
Bh7 9. Bd3 Bxd3 10. Qxd3 Ngf6 11. Bd2 e6 12. O-O-O Qc7 13. Kb1 Bd6 14. Ne2 Ng4
15. Be3 O-O-O 16. c4 Nxe3 17. fxe3 Nf6 18. Nc3 Kb8 19. e4 Ng4 20. Qe2 f5 21.
Nh4 Rhe8 22. Ng6 Bb4 23. Rh3 Bxc3 24. Rxc3 c5 25. d5 exd5 26. cxd5 Nf6 27. e5
Rxd5 28. Rxd5 Nxd5 29. Rd3 Nb4 30. Rf3 Qd7 31. a3 Nc6 32. Rf1 Nd4 33. Qc4 Qb5
34. Qxb5 Nxb5 35. Rxf5 Nd4 36. Rf1 a6 37. Kc1 Ka7 38. Kd2 Kb6 39. Ke3 Kc6 40.
Ke4 a5 41. Nf4 b5 42. b4 axb4 43. axb4 Ne6 44. Nxe6 Rxe6 45. bxc5 Kxc5 46. Rc1+
Kb6 47. Kd5 Re8 48. e6 Rd8+ 49. Ke5 Rd2 50. e7 b4 51. Re1 1-0

[Event "10.  Open C.A. Ciudad los Angeles"]
[Site "Madrid ESP"]
[Date "2016.04.03"]
[Round "1.2"]
[White "Romero Fite, Miguel"]
[Black "Angelina Vela, Carlos"]
[Result "1/2-1/2"]
[WhiteElo "1669"]
[BlackElo "2104"]
[PlyCount "99"]
[EventDate "2016.04.03"]
[EventType "swiss"]
[EventRounds "9"]
[EventCountry "ESP"]
[Source "lmi"]
[SourceDate "2016.04.03"]

1. d4 d5 2. c4 c6 3. Nc3 Nf6 4. e3 e6 5. Nf3 Bd6 6. Qc2 Nbd7 7. e4 dxe4 8. Nxe4
Nxe4 9. Qxe4 Nf6 10. Qc2 O-O 11. Bd3 c5 12. dxc5 Bxc5 13. O-O h6 14. Rd1 Qc7
15. Bd2 Ng4 16. Rf1 Bd6 17. h3 Ne5 18. Nxe5 Bxe5 19. Bc3 b6 20. Be4 Rb8 21.
Rfe1 Bxc3 22. Qxc3 Ba6 23. Rac1 Bb7 24. Bxb7 Rxb7 25. Rcd1 Rc8 26. Rd4 b5 27.
Ree4 f5 28. Rh4 e5 29. Rd5 Qe7 30. Qg3 Qf6 31. Rxe5 Rxc4 32. Rh5 g5 33. h4 Rg4
34. Qb3+ Kg7 35. Qd5 Rf7 36. hxg5 Rxg5 37. Re6 Qxb2 38. Rexh6 Qc1+ 39. Kh2 Qf4+
40. Kg1 Rxh5 41. Rxh5 Qc1+ 42. Kh2 Qf4+ 43. Kg1 Qc1+ 44. Kh2 Qf4+ 45. Kg1 Re7
46. g3 Qe5 47. Qd8 Kg6 48. Rh8 Qe1+ 49. Kg2 Qe4+ 50. Kg1 1/2-1/2

[Event "10.  Open C.A. Ciudad los Angeles"]
[Site "Madrid ESP"]
[Date "2016.04.03"]
[Round "1.3"]
[White "Aziz Ortego, Omar Luis"]
[Black "Cabezas Martin, Rodrigo"]
[Result "1-0"]
[WhiteElo "2030"]
[BlackElo "1657"]
[PlyCount "65"]
[EventDate "2016.04.03"]
[EventType "swiss"]
[EventRounds "9"]
[EventCountry "ESP"]
[Source "lmi"]
[SourceDate "2016.04.03"]

1. e4 d5 2. exd5 Qxd5 3. Nc3 Qa5 4. Nf3 Nf6 5. Bc4 Bg4 6. h3 Bh5 7. O-O e6 8.
Re1 Nbd7 9. d4 O-O-O 10. Bd2 Bxf3 11. Qxf3 c6 12. Rad1 Qc7 13. Bf1 Nb6 14. Bg5
Be7 15. Bf4 Bd6 16. Bg5 Be7 17. Nb1 h6 18. Bc1 Nh7 19. c4 Bg5 20. Be3 Bxe3 21.
Qxe3 Kb8 22. b4 Nf6 23. Nc3 g5 24. a4 Nh5 25. a5 Nc8 26. Qf3 Nf4 27. g3 Ng6 28.
a6 b6 29. Bg2 Rdf8 30. d5 exd5 31. Rxd5 cxd5 32. Qxd5 Nce7 33. Qa8# 1-0

[Event "10.  Open C.A. Ciudad los Angeles"]
[Site "Madrid ESP"]
[Date "2016.04.03"]
[Round "1.4"]
[White "Martin Garcia, Francisco Javie"]
[Black "Andalon Gomez, Carlos J"]
[Result "0-1"]
[WhiteElo "1617"]
[BlackElo "2000"]
[PlyCount "62"]
[EventDate "2016.04.03"]
[EventType "swiss"]
[EventRounds "9"]
[EventCountry "ESP"]
[Source "lmi"]
[SourceDate "2016.04.03"]

1. d4 d5 2. Nf3 Nf6 3. g3 e6 4. c4 dxc4 5. e3 a6 6. a4 c5 7. Bg2 Nbd7 8. O-O
Rb8 9. Nc3 Be7 10. e4 cxd4 11. Nxd4 O-O 12. Be3 Nc5 13. Qe2 e5 14. Nf5 Bxf5 15.
exf5 b5 16. axb5 axb5 17. Rfd1 Qc7 18. Bxc5 Bxc5 19. Nd5 Nxd5 20. Rxd5 f6 21.
Ra6 b4 22. Rxc5 Qxc5 23. Rc6 Qb5 24. Qd2 Rfd8 25. Rd6 Rxd6 26. Qxd6 c3 27. bxc3
bxc3 28. Be4 Qb6 29. Qd1 Qd4 30. Bd5+ Kh8 31. Qf3 c2 0-1

[Event "10.  Open C.A. Ciudad los Angeles"]
[Site "Madrid ESP"]
[Date "2016.04.03"]
[Round "1.5"]
[White "Cabañas Bravo, Juan Andres"]
[Black "Ballesteros Jimenez, Miguel A"]
[Result "1-0"]
[WhiteElo "1982"]
[BlackElo "1591"]
[PlyCount "61"]
[EventDate "2016.04.03"]
[EventType "swiss"]
[EventRounds "9"]
[EventCountry "ESP"]
[Source "lmi"]
[SourceDate "2016.04.03"]

1. e4 c5 2. Nf3 e6 3. d4 cxd4 4. Nxd4 a6 5. Nc3 Bb4 6. Nb3 Qc7 7. Qd4 Bxc3+ 8.
Qxc3 Qxc3+ 9. bxc3 Nc6 10. c4 Nf6 11. Bd3 O-O 12. Ba3 Re8 13. Bd6 e5 14. c5 Nb4
15. Na5 Nxd3+ 16. cxd3 Re6 17. Nc4 a5 18. Nb6 Rxd6 19. cxd6 Rb8 20. Rc1 Nh5 21.
g3 g6 22. Ke2 Ng7 23. Rxc8+ Rxc8 24. Nxc8 b5 25. a3 Ne6 26. Rb1 Kf8 27. Na7
Nd4+ 28. Kd2 f5 29. Nxb5 Nf3+ 30. Ke3 Nxh2 31. f3 1-0

[Event "10.  Open C.A. Ciudad los Angeles"]
[Site "Madrid ESP"]
[Date "2016.04.03"]
[Round "1.6"]
[White "Ramos Antona, Enrique"]
[Black "Garcia De Quesada, Ignacio"]
[Result "1-0"]
[WhiteElo "1588"]
[BlackElo "1901"]
[PlyCount "59"]
[EventDate "2016.04.03"]
[EventType "swiss"]
[EventRounds "9"]
[EventCountry "ESP"]
[Source "lmi"]
[SourceDate "2016.04.03"]

1. d4 f5 2. g3 Nf6 3. Bg2 e6 4. c4 Bb4+ 5. Bd2 Bxd2+ 6. Nxd2 O-O 7. Ngf3 d6 8.
O-O c6 9. Re1 Nbd7 10. Qb3 c5 11. Qe3 Qe8 12. Ng5 e5 13. dxc5 Nxc5 14. b4 Ne6
15. Nxe6 Qxe6 16. Qb3 e4 17. e3 Qe7 18. Rad1 Be6 19. Qb2 Ng4 20. f3 Ne5 21. Qd4
Nd3 22. Rf1 Nxb4 23. fxe4 Rac8 24. exf5 Bxf5 25. Ne4 Rcd8 26. Rd2 d5 27. cxd5
Rxd5 28. Nf6+ Rxf6 29. Bxd5+ Kh8 30. e4 1-0

[Event "10.  Open C.A. Ciudad los Angeles"]
[Site "Madrid ESP"]
[Date "2016.04.03"]
[Round "1.7"]
[White "Fernandez Sanchez, Lorenzo"]
[Black "De Pablo Peña, Miguel Angel"]
[Result "1/2-1/2"]
[WhiteElo "1835"]
[BlackElo "1585"]
[PlyCount "217"]
[EventDate "2016.04.03"]
[EventType "swiss"]
[EventRounds "9"]
[EventCountry "ESP"]
[Source "lmi"]
[SourceDate "2016.04.03"]

1. e4 c5 2. Nf3 Nc6 3. b3 d6 4. Bb2 Nf6 5. Bxf6 exf6 6. Nc3 f5 7. Qe2 fxe4 8.
Qxe4+ Qe7 9. Qxe7+ Bxe7 10. Nd5 Bd8 11. O-O-O O-O 12. d4 Bg4 13. dxc5 Bxf3 14.
gxf3 dxc5 15. f4 Nd4 16. c3 Nf5 17. Bd3 Ne7 18. Nxe7+ Bxe7 19. Be4 Bf6 20. Kc2
Rab8 21. Rd7 Rfe8 22. f3 Re7 23. Rhd1 g6 24. Rxe7 Bxe7 25. Rd7 Kf8 26. Bxb7 a5
27. Bd5 Rd8 28. Rxd8+ Bxd8 29. Kd3 Bc7 30. Ke4 Ke7 31. h3 f5+ 32. Ke3 h6 33.
Bg8 Kf6 34. Bd5 Ke7 35. Bc6 Bb8 36. Bb5 Bc7 37. Bc4 Bb8 38. Bd3 Bc7 39. Bc4 Bb8
40. Bg8 Bc7 41. Kd3 Bxf4 42. Kc4 Bd2 43. Kxc5 Bxc3 44. a3 Bb2 45. Kb5 Bxa3 46.
Kxa5 g5 47. b4 Kd6 48. b5 Kc7 49. b6+ Kb8 50. Be6 f4 51. Kb5 Be7 52. Bd5 h5 53.
Kc4 h4 54. Bc6 Bd8 55. Kc5 Be7+ 56. Kb5 Bd8 57. Be4 Bf6 58. Kc6 Bd8 59. Bd5 Bf6
60. Kd7 Bd4 61. Kc6 Bf6 62. Be6 Bd8 63. Bf5 Bf6 64. Be4 Bd8 65. b7 Bf6 66. Kd7
Be5 67. Kc6 Bf6 68. Kd6 Bd8 69. Ke6 Kc7 70. Kf7 Kb8 71. Ke8 Bf6 72. Kf7 Bd8 73.
Ke6 Kc7 74. Bd5 Kb8 75. Kf7 Kc7 76. Kf8 Kb8 77. Ke8 Bf6 78. Kd7 Be5 79. Bc6 Bf6
80. Be4 Be5 81. Ke7 Bc7 82. Kf6 Bd8+ 83. Ke6 Kc7 84. Kf7 Kb8 85. Ke8 Bf6 86.
Kd7 Be5 87. Ke7 Bc7 88. Bc6 Be5 89. Kf8 Bf6 90. Kf7 Bd8 91. Bd5 Kc7 92. Bc6 Kb8
93. Ke6 Kc7 94. Ke5 Kb8 95. Kd6 Bf6 96. Kd7 Be5 97. Kd8 Bf6+ 98. Ke8 Kc7 99.
Kf7 Bd8 100. Ke6 Kb8 101. Kd6 Bf6 102. Kd5 Bd8 103. Ke5 Kc7 104. Ke6 Kb8 105.
Kf5 Kc7 106. Kg6 Kb8 107. Kf7 Kc7 108. Ke6 Kb8 109. Kd6 1/2-1/2

[Event "10.  Open C.A. Ciudad los Angeles"]
[Site "Madrid ESP"]
[Date "2016.04.03"]
[Round "1.8"]
[White "Jimenez Manzano, Emiliano"]
[Black "Cuellar Gutierrez, Raul"]
[Result "1/2-1/2"]
[WhiteElo "1577"]
[BlackElo "1814"]
[PlyCount "55"]
[EventDate "2016.04.03"]
[EventType "swiss"]
[EventRounds "9"]
[EventCountry "ESP"]
[Source "lmi"]
[SourceDate "2016.04.03"]

1. e4 e6 2. Nf3 d5 3. exd5 exd5 4. Be2 Nc6 5. O-O Be6 6. Re1 h6 7. Bb5 Qd6 8.
Nd4 O-O-O 9. Nxc6 bxc6 10. Ba6+ Kb8 11. d4 Nf6 12. Re3 Ka8 13. Nc3 Qb4 14. a3
Qb6 15. Bf1 Bd6 16. Re1 Bc8 17. b4 Ba6 18. Na4 Qb7 19. Nc5 Bxc5 20. Bxa6 Qxa6
21. dxc5 Rhe8 22. f3 Rxe1+ 23. Qxe1 Re8 24. Qc3 Qe2 25. Bxh6 gxh6 26. Qxf6 Qe3+
27. Kf1 Qe2+ 28. Kg1 1/2-1/2

[Event "10.  Open C.A. Ciudad los Angeles"]
[Site "Madrid ESP"]
[Date "2016.04.03"]
[Round "1.9"]
[White "Garces Adan, Jose A"]
[Black "Lopez Suarez, Augusto"]
[Result "1-0"]
[WhiteElo "1808"]
[BlackElo "1560"]
[PlyCount "91"]
[EventDate "2016.04.03"]
[EventType "swiss"]
[EventRounds "9"]
[EventCountry "ESP"]
[Source "lmi"]
[SourceDate "2016.04.03"]

1. e4 g6 2. d4 Bg7 3. f4 d6 4. Nf3 Nf6 5. Nc3 O-O 6. Bc4 c6 7. O-O b5 8. Bd3
Bb7 9. e5 dxe5 10. dxe5 Nd5 11. Ne4 Nd7 12. Qe1 e6 13. Bd2 a5 14. c4 bxc4 15.
Bxc4 Ba6 16. Bxa5 Qb8 17. Bxa6 Rxa6 18. Bc3 Nxf4 19. Nf6+ Nxf6 20. exf6 Bh8 21.
Kh1 Qb5 22. a4 Qh5 23. Bd2 Nd5 24. h3 Bxf6 25. Kh2 g5 26. g4 Qg6 27. h4 h6 28.
hxg5 hxg5 29. Qc1 Kg7 30. Bxg5 Rh8+ 31. Kg3 Bxg5 32. Qxg5 Qxg5 33. Nxg5 Rf8 34.
Rh1 Rh8 35. Rxh8 Kxh8 36. Nxf7+ Kg7 37. Ne5 Rb6 38. a5 Rxb2 39. a6 Rb3+ 40. Kh4
Rb8 41. Nxc6 Ra8 42. a7 Nc7 43. Kg5 Kf7 44. Rb1 Rg8+ 45. Kh4 Rh8+ 46. Kg3 1-0

[Event "10.  Open C.A. Ciudad los Angeles"]
[Site "Madrid ESP"]
[Date "2016.04.03"]
[Round "1.10"]
[White "Savchuk, Olga"]
[Black "Alonso Herrero, Ignacio"]
[Result "0-1"]
[WhiteElo "1554"]
[BlackElo "1775"]
[PlyCount "60"]
[EventDate "2016.04.03"]
[EventType "swiss"]
[EventRounds "9"]
[EventCountry "ESP"]
[Source "lmi"]
[SourceDate "2016.04.03"]

1. e4 e5 2. Nf3 Nf6 3. Nxe5 d6 4. Nf3 Nxe4 5. d4 d5 6. Bd3 Bf5 7. O-O Be7 8.
Re1 O-O 9. Nbd2 Nd6 10. Nf1 c6 11. Ng3 Bg6 12. b3 Nd7 13. Ba3 Re8 14. Bxg6 hxg6
15. Qd3 Qa5 16. Bb2 Bf6 17. c4 Rxe1+ 18. Nxe1 Re8 19. Nc2 Nf8 20. Bc3 dxc4 21.
bxc4 Qa6 22. Ne3 Ne6 23. d5 Nf4 24. Qc2 Bxc3 25. Qxc3 Ne4 26. Qc2 cxd5 27. Nxd5
Nxd5 28. Nxe4 Nb4 29. Qe2 Qc6 30. Nf6+ gxf6 0-1

[Event "10.  Open C.A. Ciudad los Angeles"]
[Site "Madrid ESP"]
[Date "2016.04.03"]
[Round "1.11"]
[White "Morona Minguez, Miguel"]
[Black "Salgado Duarte, Pablo"]
[Result "1-0"]
[WhiteElo "1771"]
[BlackElo "1550"]
[PlyCount "75"]
[EventDate "2016.04.03"]
[EventType "swiss"]
[EventRounds "9"]
[EventCountry "ESP"]
[Source "lmi"]
[SourceDate "2016.04.03"]

1. e4 e5 2. Nf3 Nc6 3. Bb5 a6 4. Ba4 Nf6 5. O-O d6 6. h3 Bd7 7. Re1 Be7 8. c3
O-O 9. d3 b5 10. Bc2 h6 11. Nbd2 Nh7 12. Nf1 f5 13. d4 fxe4 14. Bxe4 Nf6 15.
dxe5 Nxe4 16. Rxe4 Bf5 17. Qd5+ Kh8 18. Qxc6 Bxe4 19. Qxe4 d5 20. Qe2 c6 21.
Nd4 Qd7 22. Ng3 c5 23. e6 Qc7 24. Ndf5 Rf6 25. Qg4 Rg8 26. Bf4 Qb7 27. Re1 Kh7
28. Nxe7 Qxe7 29. Nf5 Qe8 30. e7 Rg6 31. Qe2 Rf6 32. Nd6 Qd7 33. Qe5 Rxd6 34.
Qxd6 Qc8 35. Qb8 Qe8 36. Qxe8 Rxe8 37. Bd6 c4 38. Re6 1-0

[Event "10.  Open C.A. Ciudad los Angeles"]
[Site "Madrid ESP"]
[Date "2016.04.03"]
[Round "1.13"]
[White "Barragan Arriaza, Pablo"]
[Black "Caño Nieto, Jose Luis"]
[Result "1-0"]
[WhiteElo "1735"]
[BlackElo "1537"]
[PlyCount "95"]
[EventDate "2016.04.03"]
[EventType "swiss"]
[EventRounds "9"]
[EventCountry "ESP"]
[Source "lmi"]
[SourceDate "2016.04.03"]

1. c4 e5 2. g3 Nc6 3. Bg2 d6 4. d3 Be7 5. Nc3 Nf6 6. Nf3 O-O 7. O-O h6 8. a3 a6
9. b4 Bd7 10. Rb1 Rb8 11. a4 Qc8 12. b5 Nd4 13. Nxd4 exd4 14. Ne4 c5 15. bxc6
bxc6 16. Nxf6+ Bxf6 17. Bf4 Be5 18. Qd2 Qc7 19. Bxe5 dxe5 20. c5 a5 21. Qc2
Rxb1 22. Rxb1 Rb8 23. Rb2 Qa7 24. h4 Rxb2 25. Qxb2 Qxc5 26. Qb8+ Qf8 27. Qxe5
c5 28. Qc7 Bxa4 29. Qxa5 Bd7 30. Qc7 Qc8 31. Qe5 Be6 32. f4 f6 33. Qd6 Bd7 34.
Qb6 Kh8 35. Qa7 Bg4 36. Qe7 Qe6 37. Qxc5 Qe3+ 38. Kh1 Bxe2 39. Qf8+ Kh7 40.
Be4+ Qxe4+ 41. dxe4 Bf3+ 42. Kg1 Bxe4 43. Qd6 d3 44. Kf2 f5 45. Ke3 g6 46. Qf8
h5 47. Qf7+ Kh6 48. Qg8 1-0

[Event "10.  Open C.A. Ciudad los Angeles"]
[Site "Madrid ESP"]
[Date "2016.04.03"]
[Round "1.14"]
[White "Ghavami, Mahmoud"]
[Black "Huerto Moreno, Jorge"]
[Result "0-1"]
[WhiteElo "1403"]
[BlackElo "1728"]
[PlyCount "90"]
[EventDate "2016.04.03"]
[EventType "swiss"]
[EventRounds "9"]
[EventCountry "ESP"]
[Source "lmi"]
[SourceDate "2016.04.03"]

1. e4 e5 2. Nf3 Nc6 3. d4 exd4 4. Nxd4 Bc5 5. Be3 Qf6 6. c3 Nge7 7. Qd2 O-O 8.
Be2 Re8 9. O-O Qe5 10. Nxc6 Nxc6 11. Bd3 Bxe3 12. Qxe3 Qf6 13. Nd2 b6 14. Rae1
Bb7 15. f4 d5 16. e5 Qe6 17. Nf3 f6 18. f5 Qe7 19. e6 Qc5 20. h4 Rad8 21. Nd4
Ne5 22. h5 h6 23. Kh1 a6 24. Qg3 Qd6 25. Bc2 c5 26. Nf3 Nc4 27. Qxd6 Rxd6 28.
b3 Na3 29. Bd1 Nb5 30. Re3 d4 31. cxd4 cxd4 32. Re2 Nc3 33. Rd2 Ne4 34. Rxd4
Rxd4 35. Nxd4 Ng3+ 36. Kg1 Nxf1 37. Kxf1 Kf8 38. Kf2 Rd8 39. Ke3 Bxg2 40. Be2
b5 41. a4 bxa4 42. bxa4 a5 43. Bb5 Ke7 44. Bc6 Rxd4 45. Kxd4 Bxc6 0-1

[Event "10.  Open C.A. Ciudad los Angeles"]
[Site "Madrid ESP"]
[Date "2016.04.03"]
[Round "1.15"]
[White "Rodriguez Nieto, Miguel"]
[Black "Benitez Robles, Antonio"]
[Result "1-0"]
[WhiteElo "1725"]
[BlackElo "1390"]
[PlyCount "69"]
[EventDate "2016.04.03"]
[EventType "swiss"]
[EventRounds "9"]
[EventCountry "ESP"]
[Source "lmi"]
[SourceDate "2016.04.03"]

1. c4 e6 2. Nc3 Nf6 3. g3 Be7 4. Bg2 O-O 5. Nf3 Nc6 6. O-O d6 7. e4 e5 8. d4
Bg4 9. Be3 Qd7 10. d5 Nb8 11. Re1 c6 12. Rc1 Na6 13. a3 b5 14. cxb5 cxb5 15. b4
Nc7 16. Qd3 Rfb8 17. Nd2 a5 18. Nb3 axb4 19. axb4 Bd8 20. Na5 Na6 21. Nc6 Rb7
22. Ra1 Nc7 23. Na5 Rbb8 24. Rec1 Qe8 25. Nc6 Rb7 26. Rxa8 Nxa8 27. Nxb5 Bd7
28. Nxd6 Qf8 29. Nxb7 h6 30. Nbxd8 Bxc6 31. Nxc6 Nc7 32. b5 Nce8 33. b6 Nd6 34.
f3 Nb7 35. Qa6 1-0

[Event "10.  Open C.A. Ciudad los Angeles"]
[Site "Madrid ESP"]
[Date "2016.04.10"]
[Round "2.2"]
[White "Rodriguez Nieto, Miguel"]
[Black "Aziz Ortego, Omar Luis"]
[Result "0-1"]
[WhiteElo "1725"]
[BlackElo "2030"]
[PlyCount "76"]
[EventDate "2016.04.03"]
[EventType "swiss"]
[EventRounds "9"]
[EventCountry "ESP"]
[Source "lmi"]
[SourceDate "2016.04.03"]

1. Nf3 d6 2. b3 e5 3. d3 f5 4. e3 Nf6 5. g3 g6 6. Bb2 Bg7 7. Nbd2 O-O 8. Rb1 c5
9. Bg2 Nc6 10. O-O Kh8 11. c3 Be6 12. Rc1 Bg8 13. Qc2 Rc8 14. Qb1 h6 15. Qa1 g5
16. Rfd1 Bh7 17. d4 cxd4 18. exd4 e4 19. Ne1 d5 20. Nc2 f4 21. a3 Bf5 22. c4 f3
23. Bh1 Qd7 24. Ne3 Ne7 25. Ndf1 Be6 26. Rc2 Rc7 27. Rdc1 Rfc8 28. Nd2 Bg8 29.
a4 Nf5 30. Ndf1 Nxe3 31. Nxe3 Bf8 32. Qb1 Bg7 33. a5 Ng4 34. cxd5 Nxe3 35. fxe3
Bxd5 36. b4 Bf8 37. Ba3 g4 38. Kf2 Bd6 0-1

[Event "10.  Open C.A. Ciudad los Angeles"]
[Site "Madrid ESP"]
[Date "2016.04.10"]
[Round "2.4"]
[White "Santacruz Sanchez, Jose Luis"]
[Black "Garces Adan, Jose A"]
[Result "0-1"]
[WhiteElo "1292"]
[BlackElo "1808"]
[PlyCount "64"]
[EventDate "2016.04.03"]
[EventType "swiss"]
[EventRounds "9"]
[EventCountry "ESP"]
[Source "lmi"]
[SourceDate "2016.04.03"]

1. e4 e5 2. Nf3 Nc6 3. d4 exd4 4. Nxd4 d6 5. Bc4 Nf6 6. Nc3 Be7 7. Bf4 a6 8.
O-O O-O 9. a3 Ne5 10. Bxe5 dxe5 11. Nf3 Bd6 12. Re1 Bg4 13. Qd3 Nd7 14. b4 Kh8
15. Ne2 f5 16. exf5 Bxf5 17. Qd2 e4 18. Ng5 Nb6 19. Nf7+ Rxf7 20. Bxf7 Bxh2+
21. Kxh2 Qxd2 22. Ng3 Qh6+ 23. Kg1 Qf6 24. Bb3 g6 25. Rad1 Rd8 26. Rxd8+ Qxd8
27. Nxe4 Bxe4 28. Rxe4 Kg7 29. g3 Qf6 30. a4 Nxa4 31. Kg2 Nb6 32. Rf4 Qe7 0-1

[Event "10.  Open C.A. Ciudad los Angeles"]
[Site "Madrid ESP"]
[Date "2016.04.10"]
[Round "2.5"]
[White "Alonso Herrero, Ignacio"]
[Black "Ramos Antona, Enrique"]
[Result "1-0"]
[WhiteElo "1775"]
[BlackElo "1588"]
[PlyCount "129"]
[EventDate "2016.04.03"]
[EventType "swiss"]
[EventRounds "9"]
[EventCountry "ESP"]
[Source "lmi"]
[SourceDate "2016.04.03"]

1. e4 e5 2. Bc4 Nf6 3. d4 Nc6 4. Nf3 d6 5. dxe5 Nxe5 6. Nxe5 dxe5 7. Bxf7+ Ke7
8. Qxd8+ Kxd8 9. Bg5 h6 10. Bxf6+ gxf6 11. Nc3 Bb4 12. O-O-O+ Ke7 13. Nd5+ Kxf7
14. Nxb4 Be6 15. Nd5 Rac8 16. Rhf1 c6 17. Ne3 Rcd8 18. Nf5 Rxd1+ 19. Rxd1 Bxf5
20. exf5 Ke7 21. Rd3 Rg8 22. g3 Rg5 23. Rf3 h5 24. h3 Kd6 25. Kd2 e4 26. Rf4
Ke5 27. Ke3 Rxf5 28. Rxe4+ Kd6 29. g4 hxg4 30. hxg4 Rc5 31. c4 b5 32. b4 Rg5
33. c5+ Kd7 34. f3 a5 35. a3 axb4 36. axb4 Rg8 37. Kf4 Rg5 38. Kg3 Rd5 39. Kh4
f5 40. gxf5 Rxf5 41. Kg4 Rf8 42. f4 Rg8+ 43. Kf5 Rf8+ 44. Kg6 Rg8+ 45. Kf7 Rg4
46. Rd4+ Kc8 47. Kf6 Kc7 48. Kf5 Rg8 49. Rd6 Rf8+ 50. Ke5 Re8+ 51. Re6 Rd8 52.
f5 Rd5+ 53. Kf6 Kd7 54. Re4 Rd3 55. Kf7 Rf3 56. f6 Rf2 57. Rd4+ Kc7 58. Rd6 Rf4
59. Ke7 Re4+ 60. Re6 Rxb4 61. f7 Rf4 62. f8=Q Rxf8 63. Kxf8 Kb7 64. Ke7 b4 65.
Re4 1-0

[Event "10.  Open C.A. Ciudad los Angeles"]
[Site "Madrid ESP"]
[Date "2016.04.10"]
[Round "2.6"]
[White "Largo Barbero, Benito"]
[Black "Jimenez Manzano, Emiliano"]
[Result "1-0"]
[WhiteElo "1944"]
[BlackElo "1577"]
[PlyCount "87"]
[EventDate "2016.04.03"]
[EventType "swiss"]
[EventRounds "9"]
[EventCountry "ESP"]
[Source "lmi"]
[SourceDate "2016.04.03"]

1. d4 d5 2. Nf3 Nf6 3. Bg5 Nbd7 4. e3 h6 5. Bh4 Ne4 6. Nc3 Ndf6 7. Ne5 c6 8.
Nxe4 dxe4 9. c3 Be6 10. Be2 Nd7 11. f4 exf3 12. Nxf3 Qb6 13. Qc2 g6 14. O-O g5
15. Bf2 Bg7 16. e4 Qd8 17. e5 Bg4 18. h3 Bh5 19. Be3 Bg6 20. Qd2 Nb6 21. Bd3
Bxd3 22. Qxd3 Qd7 23. Rae1 O-O-O 24. Qe4 e6 25. Nd2 Kb8 26. b4 Nd5 27. Qc2 Bxe5
28. Ne4 Nxe3 29. Rxe3 Bxd4 30. cxd4 Qxd4 31. Qc3 Qxc3 32. Rxc3 Rd4 33. Nc5 b6
34. Nd3 f5 35. Ne5 Kb7 36. Nxc6 Rd5 37. Rfc1 Re8 38. a4 e5 39. b5 e4 40. Nb4
Rd7 41. Na6 Ree7 42. Rc8 Rd1+ 43. Kh2 Re8 44. R1c7# 1-0

[Event "10.  Open C.A. Ciudad los Angeles"]
[Site "Madrid ESP"]
[Date "2016.04.10"]
[Round "2.8"]
[White "Cuellar Gutierrez, Raul"]
[Black "Sotres Menendez, Raul"]
[Result "0-1"]
[WhiteElo "1814"]
[BlackElo "1545"]
[PlyCount "50"]
[EventDate "2016.04.03"]
[EventType "swiss"]
[EventRounds "9"]
[EventCountry "ESP"]
[Source "lmi"]
[SourceDate "2016.04.03"]

1. e4 c5 2. Nf3 d6 3. d4 cxd4 4. Nxd4 Nf6 5. Nc3 a6 6. Bg5 e6 7. Qd2 Be7 8.
O-O-O Nc6 9. f4 O-O 10. h4 h6 11. Qe2 Qc7 12. Nxc6 bxc6 13. e5 Nd5 14. Nxd5
exd5 15. Bxe7 Qxe7 16. Qh5 dxe5 17. fxe5 Rb8 18. g4 Qb4 19. Rg1 Qxb2+ 20. Kd2
Qd4+ 21. Bd3 Qf2+ 22. Kc3 d4+ 23. Kc4 Be6+ 24. Kc5 Qf3 25. Kxd4 Qf4+ 0-1

[Event "10.  Open C.A. Ciudad los Angeles"]
[Site "Madrid ESP"]
[Date "2016.04.10"]
[Round "2.9"]
[White "De Pablo Peña, Miguel Angel"]
[Black "Romero Fite, Miguel"]
[Result "0-1"]
[WhiteElo "1585"]
[BlackElo "1669"]
[PlyCount "60"]
[EventDate "2016.04.03"]
[EventType "swiss"]
[EventRounds "9"]
[EventCountry "ESP"]
[Source "lmi"]
[SourceDate "2016.04.03"]

1. d4 Nf6 2. c4 g6 3. Nc3 Bg7 4. e4 d6 5. Nf3 O-O 6. Be2 e5 7. O-O Nc6 8. d5
Ne7 9. Ne1 Nd7 10. Be3 f5 11. f3 f4 12. Bf2 g5 13. b4 Nf6 14. Nd3 h5 15. c5 g4
16. cxd6 cxd6 17. Nb5 Ng6 18. Rc1 Rf7 19. a4 g3 20. hxg3 fxg3 21. Bxg3 h4 22.
Bh2 Nh5 23. Qe1 Bh6 24. Rc3 a6 25. Na3 Ngf4 26. Nf2 Ng3 27. Bxg3 hxg3 28. Ng4
Bxg4 29. fxg4 Qh4 30. Rxg3 Qxg3 0-1

[Event "10.  Open C.A. Ciudad los Angeles"]
[Site "Madrid ESP"]
[Date "2016.04.10"]
[Round "2.10"]
[White "Garcia De Quesada, Ignacio"]
[Black "Savchuk, Olga"]
[Result "1-0"]
[WhiteElo "1901"]
[BlackElo "1554"]
[PlyCount "67"]
[EventDate "2016.04.03"]
[EventType "swiss"]
[EventRounds "9"]
[EventCountry "ESP"]
[Source "lmi"]
[SourceDate "2016.04.03"]

1. d4 Nf6 2. c4 e6 3. Nc3 Bb4 4. Qc2 c5 5. dxc5 Bxc5 6. e3 Nc6 7. a3 b6 8. Nf3
Bb7 9. Be2 O-O 10. O-O a6 11. b4 Be7 12. Bb2 Rc8 13. Rfd1 Qc7 14. Ne4 e5 15.
Nfg5 Nxe4 16. Nxe4 Nd8 17. Qd3 Ne6 18. Nd6 e4 19. Nxe4 d5 20. cxd5 Qc2 21. Be5
Bxd5 22. Qxd5 Qxe2 23. Rd2 Qc4 24. Qxc4 Rxc4 25. f3 Rfc8 26. Kf2 Rc2 27. Rad1
Ng5 28. Nd6 R8c6 29. Nf5 Bf8 30. Bxg7 Rc7 31. Be5 R7c6 32. Kg3 R2c4 33. Rd8 Ne6
34. Ne7# 1-0

[Event "10.  Open C.A. Ciudad los Angeles"]
[Site "Madrid ESP"]
[Date "2016.04.10"]
[Round "2.11"]
[White "Salgado Duarte, Pablo"]
[Black "Bellod Thomas, Gonzalo"]
[Result "0-1"]
[WhiteElo "1550"]
[BlackElo "1715"]
[PlyCount "80"]
[EventDate "2016.04.03"]
[EventType "swiss"]
[EventRounds "9"]
[EventCountry "ESP"]
[Source "lmi"]
[SourceDate "2016.04.03"]

1. d4 d5 2. Nc3 Nf6 3. Nf3 Bf5 4. Bg5 e6 5. e3 Be7 6. Bd3 Bxd3 7. Qxd3 O-O 8.
O-O Nbd7 9. Rfe1 c5 10. Bf4 Rc8 11. Ne5 Nxe5 12. Bxe5 h6 13. h3 c4 14. Qe2 Re8
15. a3 a6 16. Qd2 b5 17. Ne2 Ne4 18. Qc1 a5 19. c3 Qb6 20. Ng3 Nxg3 21. Bxg3 b4
22. axb4 axb4 23. e4 b3 24. exd5 exd5 25. Qd1 Bg5 26. Qf3 Qc6 27. Rxe8+ Rxe8
28. Ra7 Re1+ 29. Kh2 Qe6 30. Ra5 Bc1 31. Rxd5 Bxb2 32. Rd6 Qe4 33. Rd8+ Kh7 34.
Qxf7 Qe6 35. Qf8 Bxc3 36. Qh8+ Kg6 37. Rd6 Qxd6 38. Bxd6 b2 39. Be5 Rxe5 40.
dxe5 Bxe5+ 0-1

[Event "10.  Open C.A. Ciudad los Angeles"]
[Site "Madrid ESP"]
[Date "2016.04.10"]
[Round "2.12"]
[White "Cabezas Martin, Rodrigo"]
[Black "Caño Nieto, Jose Luis"]
[Result "1-0"]
[WhiteElo "1657"]
[BlackElo "1537"]
[PlyCount "73"]
[EventDate "2016.04.03"]
[EventType "swiss"]
[EventRounds "9"]
[EventCountry "ESP"]
[Source "lmi"]
[SourceDate "2016.04.03"]

1. d4 d5 2. c4 dxc4 3. Nf3 Nf6 4. e3 e6 5. Bxc4 Be7 6. O-O O-O 7. Nc3 Nc6 8. a3
a6 9. Bb3 h6 10. Bc2 Nd5 11. e4 Nxc3 12. bxc3 f5 13. Re1 Na5 14. Qe2 Bg5 15.
Nxg5 hxg5 16. Qh5 g4 17. exf5 exf5 18. Bg5 Qd7 19. Re7 Qd6 20. Rae1 Bd7 21.
Rxg7+ Kxg7 22. Re7+ Qxe7 23. Bxe7 Rf7 24. Qg5+ Kh7 25. Bf6 Rxf6 26. Qxf6 Kg8
27. Bxf5 Bxf5 28. Qxf5 Nc6 29. Qxg4+ Kf7 30. Qd7+ Kf6 31. g3 Ne7 32. Qxc7 Rc8
33. Qxb7 Rxc3 34. Qxa6+ Rc6 35. Qd3 Nd5 36. Qf3+ Ke6 37. Qe4+ 1-0